LEADER 01653nam a2200337 a 4500 001 000000133431 003 CaOOAMICUS 005 20130409105053.0 008 130409s2012 it u000 u ita r 020 $a978-88-548-5006-4 040 $aPUL$bita 082 04$a340.01 245 00$aValori giuridici fondamentali, terza serie :$bStato e giustizia oggi /$ca cura di Francesco D'Agostino ; contributi di Camillo Ruini ... [et al.]. 260 $aRoma :$bAracne,$c©2012. 300 $a131 p. ;$c24 cm 490 1 $aA12 ;$v415 504 $aBibliografia in nota. 650 4$aFilosofia del diritto$ySec. XX.$0(OLS)http://pul/subject/26971 700 1 $aRuini, Camillo,$ccard.,$d1931-$0(OLS)http://pul/name/19821 700 1 $aD'Agostino, Francesco,$d1946-$0(OLS)http://pul/name/10086 710 2 $aUnione giuristi cattolici italiani.$0(OLS)http://pul/name/12486 830 0$aA 12. Scienze giuridiche (Aracne) ;$v415.$0(OLS)http://pul/title/136652 850 $aPUL 852 $aPUL$W1$xDP2 Diritto e Scienze Sociali 3$y110$m340. 01 DAGFR 1$j153345$qDDC 21$B152904$CPULBib$Z2$F152904 $H122101 $82 852 $aPUL$W1$xSL Diritto e Scienze Sociali 3$y79$m340. 11 DAGFR 1$j156631$a2. copia$qDDC 21$B155976$CPULBib$Z2$F155976 $H122916 $82 941 1 $a9 996 $6020$a978-88-548-5006-4$9(OLS)http://pul/number/152317 996 $6082$a340.01$9(OLS)http://pul/classification/2214 996 $6245$aValori giuridici fondamentali, terza serie :$bStato e giustizia oggi$9(OLS)http://pul/title/168616 996 $6260$aRoma :$bAracne$9(OLS)http://pul/publisher/62189 LEADER 01842nam a2200337 a 4500 001 000000153901 003 CaOOAMICUS 005 20160914144222.0 008 160914s2015 it frm z001 0 ita r 032 $aLibriCat 040 $aPUL$bita 100 1 $aSironi, Olinka.$0(OLS)http://pul/name/97960 245 10$aNatura e note specifiche dell'amore coniugale alla luce del magistero di Giovanni Paolo II e Benedetto XVI / $cOlinka Sironi. 260 $aRomae :$b[s.n.],$c2015. 300 $a86 p.;$c24 cm 500 $aIn testa al front.: Pontificia Universitas Lateranensis, Academia Alfonsiana, Institutum Superius Theologiae Moralis 502 $aEstratto da tesi di Dottorato in Teologia morale--Pontificia Universitą Lateranense. Accademia Alfonsiana, 2015. 504 $aBibliogr.: p. [55]-79. 600 04$aBenedictus PP. XVI,$d1927-2022$xInsegnamenti.$0(OLS)http://pul/subject/36949 600 04$aIohannes Paulus PP.$bII,$cs.,$d1920-2005$xConcezione del mistero nuziale.$0(OLS)http://pul/subject/39318 650 04$aAmore$xAspetti religiosi.$0(OLS)http://pul/subject/36534 710 2 $aAccademia Alfonsiana. Istituto superiore di Teologia morale.$kTesi.$0(OLS)http://pul/name/81838 850 $aPUL 852 $aPUL$W1$xDP1 Tesi Acc. Alfonsiana$y28$m2015 B 23$j173281$qTesi$B179873$CPULBib$Z2$F179873 $82 910 $aPontificia Universitą Lateranense. $bAccademia Alfonsiana$981838 910 $aIstituto superiore di Teologia morale. Accademia Alfonsiana$981838 910 $aAcademia Alfonsiana. Institutum superius theologiae moralis$981838 941 1 $a16 996 $6245$aNatura e note specifiche dell'amore coniugale alla luce del magistero di Giovanni Paolo II e Benedetto XVI / $9(OLS)http://pul/title/193465 996 $6260$aRomae :$b[s.n.]$9(OLS)http://pul/publisher/48223